Estadísticas para Búsqueda del tesoro de emblemas de banderas

Haz click aquí para intentar la prueba.

Estadísticas generales

  • Esta prueba ha sido intentada 37 veces
  • La puntuación promedio es 10 de 12

Respuestas en el mapa

Las respuestas están codificadas por una escala verde-roja en el mapa de la prueba según el % correcto abajo.
 

Estadísticas de respuestas

Respuesta% Correcto
Albania
94%
Bután
94%
Kenia
94%
Sri Lanka
90%
Líbano
87%
Australia
84%
Camboya
84%
Pakistán
81%
Uganda
74%
Barbados
68%
Malaui
65%
India
58%

Distribución de puntuación

Porcentaje por número respondido

Porcentaje de gente con cada puntuación

Historial de tus puntuaciones

No has intentado esta prueba.